Hacia un sistema de acreditación de programas de enseñanza de la Ingeniería en Costa Rica
Salvato in:
| Autore principale: | |
|---|---|
| Natura: | Libro |
| Pubblicazione: |
San José, [Costa Rica]
1993
|
| Tags: |
Aggiungi Tag
Nessun Tag, puoi essere il primo ad aggiungerne!!
|
MARC
| LEADER | 00000nam a2200000Ia 4500 | ||
|---|---|---|---|
| 003 | MV0004 | ||
| 005 | 20221231143947.0 | ||
| 008 | 140114s1993 c a 000 ||s d | ||
| 040 | |c cru CEDI | ||
| 090 | |a MV 04 | ||
| 100 | |a Zomer, Clara |9 18315 | ||
| 245 | |a Hacia un sistema de acreditación de programas de enseñanza de la Ingeniería en Costa Rica | ||
| 260 | |a San José, [Costa Rica] |c 1993 | ||
| 300 | |a 34 hojas; ilustraciones | ||
| 500 | |a Universidad de Costa Rica. Facultad de Ingeniería | ||
| 942 | |c MX | ||
| 999 | |c 14823 |d 14823 | ||
